000 01553nam a2200373Ia 4500
001 ebr10301097
003 CaPaEBR
006 m u
007 cr cn|||||||||
008 020312s2002 enka sb 101 0 eng d
020 _z9781861562302
020 _z1861562306
020 _z0585485372 (ebook)
040 _aCaPaEBR
_cCaPaEBR
035 _a(OCoLC)608624325
050 1 4 _aRC571
_b.D69 2002eb
245 0 0 _aDown syndrome across the life span
_h[electronic resource] /
_cedited by Monica Cuskelly, Anne Jobling and Susan Buckley.
260 _aLondon ;
_aPhiladelphia :
_bWhurr Publishers,
_c2002.
300 _axv, 219 p. :
_bill.
500 _a"The 7th World Congress on Down syndrome was held in Sydney, Australia, in March 2000"-- Pref.
504 _aIncludes bibliographical references and index.
533 _aElectronic reproduction.
_bPalo Alto, Calif. :
_cebrary,
_d2009.
_nAvailable via World Wide Web.
_nAccess may be limited to ebrary affiliated libraries.
650 0 _aDown syndrome.
650 0 _aDown syndrome
_xPatients
_xMedical care.
650 0 _aDown syndrome
_vCongresses.
650 0 _aPeople with mental disabilities
_vCongresses.
655 7 _aElectronic books.
_2local
700 1 _aCuskelly, Monica.
700 1 _aJobling, Anne.
700 1 _aBuckley, Sue.
710 2 _aebrary, Inc.
711 2 _aWorld Congress on Down Syndrome
_n(7th :
_d2000 :
_cSydney, N.S.W.)
856 4 0 _uhttp://site.ebrary.com/lib/rucke/Doc?id=10301097
_zAn electronic book accessible through the World Wide Web; click to view
999 _c67421
_d67421